Pays champion du monde de : Volleyball - Statistiques

Statistiques générales
  • Ce quiz a été pris 406 fois
  • Le résultat moyen est 8 sur 12
Statistiques - réponses
Médaille d'or Masculin Féminim Pays % Correct
3 3 Brésil
92%
2 1 1 Etats-Unis
91%
5 4 1 Italie
88%
2 2 Russie
85%
3 3 Japon
84%
3 3 Pologne
83%
1 1 Allemagne de l'Est
76%
2 2 Chine
72%
2 2 Serbie
56%
11 6 5 URSS
45%
3 3 Cuba
40%
2 2 Tchécoslovaquie
31%
Aucun quiz correspondant
Distribution des résultats
% des personnes avec chaque résultat
Percentile par nombre de réponses
Votre historique - résultats
Vous n’avez pas pris ce quiz